000 00445nam a2200133 a 4500
008 120416s1988 xx |||||||||||||| || u
050 _aS 540 Dyk
100 _aDyke, G. V
245 1 0 _aComparative experiments with field crops
250 _a2nd ed.
260 _c1988
350 _a0.00
995 _D0.00
_FCBU-MAIN LIBRARY (Kitwe)
_H1
_I27.50
_M1
_UAVAILABLE
_ZMain Library Open Access Collection
999 _c38018
_d38018